| 000 | 00530nam a2200181Ia 4500 | ||
|---|---|---|---|
| 003 | IN-BaIIA | ||
| 008 | 211028s9999 xx 000 0 eng d | ||
| 040 | _cIIA Library | ||
| 080 |
_a535.338 _bHER |
||
| 100 |
_aHerzberg, Gerhard _91835 |
||
| 245 | 0 |
_aAtomic spectra and atomic structure _cGerhard Herzberg |
|
| 250 | _a2nd ed. | ||
| 260 |
_aNew York _bDover Publications _c1944 |
||
| 300 | _axiii, 257p. | ||
| 650 |
_aAtomic spectra _91533 |
||
| 650 |
_aAtomic structure _91534 |
||
| 942 | _cBK | ||
| 999 |
_c861 _d861 |
||